| 000 | 00756nam a2200217Ia 4500 | ||
|---|---|---|---|
| 003 | GCL | ||
| 008 | 140319s9999 xx 000 0 ara d | ||
| 040 |
_aGCL / _cGCL |
||
| 082 | 0 | 4 |
_a327.116 _bع ا |
| 100 | 1 | _aعباس رشدى العمارى | |
| 245 | 1 | 0 |
_aادارة الازمات فى عالم متغير / _cعباس رشدى العمارى |
| 250 | _aالاولى | ||
| 260 |
_aالقاهرة : _bمركز الاهرام للترجمة والنشر ، _c1993 |
||
| 300 |
_a229 ص ؛ _c24 سم |
||
| 650 | 0 | 4 | _aالاحوال السياسية |
| 650 | 0 | 4 | _aالجرائم السياسية |
| 650 | 0 | 4 | _aالعلاقات الخارجية |
| 650 | 0 | 4 | _aالجرائم الدولية |
| 650 | 0 | 4 | _aادارة الازمات |
| 942 |
_2ddc _cBK |
||
| 999 |
_c55930 _d55930 |
||